[Event "POL-chT 1st League"]
[Site "Sypniewo"]
[Date "2022.09.06"]
[Round "4.5"]
[White "Raczynski, Krzysztof"]
[Black "Pulpan, Jakub"]
[Result "1/2-1/2"]
[WhiteElo "2195"]
[BlackElo "2420"]
[PlyCount "109"]
[EventDate "2022.09.03"]
[EventType "team-swiss"]
[EventRounds "9"]
[EventCountry "POL"]
[SourceTitle "CBM 210 Extra"]
[Source "ChessBase"]
[SourceDate "2022.11.30"]
[SourceVersion "1"]
[SourceVersionDate "2022.11.30"]
[SourceQuality "1"]
[WhiteTeam "Chrobry Gniezno"]
[BlackTeam "Stara Wies Parnas"]
[WhiteTeamCountry "POL"]
[BlackTeamCountry "POL"]

1. f4 d5 2. Nf3 Nf6 3. g3 g6 4. Bg2 Bg7 5. 0-0 c5 6. d3 0-0 7. Qe1 d4 8. Na3 Nc6 9. Bd2 Nd5 10. c3 Bg4 11. h3 Bxf3 12. Bxf3 e5 13. fxe5 Nxe5 14. Bg2 Qd7 15. Nc2 Rae8 16. Qf2 dxc3 17. bxc3 Nc6 18. d4 cxd4 19. cxd4 Nf6 20. e3 Ne4 21. Qe1 f5 22. Rd1 Kh8 23. Bc1 Qd5 24. Ba3 Rf7 25. Nb4 Nxb4 26. Bxb4 Qxa2 27. g4 fxg4 28. Rxf7 Qxf7 29. hxg4 Nf6 30. Bd6 Nxg4 31. e4 Qb3 32. e5 Ne3 33. Rd2 Nxg2 34. Rxg2 a5 35. Kh2 a4 36. Qh4 Qe6 37. Rb2 Qd5 38. Rc2 a3 39. Qf2 Qb3 40. Re2 Kg8 41. Re3 Qd1 42. Rxa3 Bf8 43. Qa2+ Kg7 44. Ra8 Rxa8 45. Qxa8 Qe2+ 46. Kg3 Qe3+ 47. Kg2 Qe4+ 48. Kg3 Bxd6 49. exd6 Qe3+ 50. Kg2 Qe4+ 51. Kg3 Qd3+ 52. Kh2 Qd2+ 53. Kg3 Qe3+ 54. Kg2 Qe4+ 55. Kg3 1/2-1/2

[Event "POL-chT 1st League"]
[Site "Sypniewo"]
[Date "2022.09.05"]
[Round "3.5"]
[White "Rudzinska, Michalina"]
[Black "Raczynski, Krzysztof"]
[Result "0-1"]
[WhiteElo "2289"]
[BlackElo "2195"]
[PlyCount "84"]
[EventDate "2022.09.03"]
[EventType "team-swiss"]
[EventRounds "9"]
[EventCountry "POL"]
[SourceTitle "CBM 210 Extra"]
[Source "ChessBase"]
[SourceDate "2022.11.30"]
[SourceVersion "1"]
[SourceVersionDate "2022.11.30"]
[SourceQuality "1"]
[WhiteTeam "Strzelce Opolskie Strzelec"]
[BlackTeam "Chrobry Gniezno"]
[WhiteTeamCountry "POL"]
[BlackTeamCountry "POL"]

1. e4 c5 2. Nf3 d6 3. Bb5+ Bd7 4. Bxd7+ Qxd7 5. c4 Nf6 6. Nc3 Nc6 7. d4 cxd4 8. Nxd4 g6 9. h3 Bg7 10. Be3 0-0 11. 0-0 e6 12. f4 a6 13. Nf3 Qe7 14. Qe2 Rfc8 15. Rac1 Rab8 16. c5 dxc5 17. e5 Nd7 18. Ne4 Nb4 19. Bf2 Nd5 20. Bh4 Qf8 21. Nd6 Rc6 22. Ng5 Rxd6 23. exd6 Qxd6 24. Rcd1 N7f6 25. Bg3 Rc8 26. Bh2 Qc6 27. Nf3 Qb5 28. Rd2 Qxe2 29. Rxe2 c4 30. Ne5 c3 31. Rc1 b5 32. a3 Bf8 33. b4 a5 34. Nd3 axb4 35. axb4 Nxb4 36. Nxb4 Bxb4 37. f5 gxf5 38. Be5 Nd5 39. g4 f4 40. Ra2 Bc5+ 41. Kh2 b4 42. Rca1 f6 0-1

[Event "Krakow op-A 32nd"]
[Site "Krakow"]
[Date "2022.01.02"]
[Round "6"]
[White "Redzisz, Michal"]
[Black "Raczynski, Krzysztof"]
[Result "1/2-1/2"]
[WhiteElo "2261"]
[BlackElo "2194"]
[PlyCount "135"]
[EventDate "2021.12.27"]
[EventType "swiss"]
[EventRounds "9"]
[EventCountry "POL"]
[SourceTitle "EXT 2023"]
[Source "ChessBase"]
[SourceDate "2022.10.05"]
[SourceVersion "1"]
[SourceVersionDate "2022.10.05"]
[SourceQuality "1"]

1. d4 f5 2. g3 Nf6 3. Bg2 g6 4. Nf3 Bg7 5. b3 0-0 6. Bb2 a5 7. 0-0 c6 8. c4 Na6 9. Nc3 Ne4 10. Rc1 d5 11. cxd5 cxd5 12. Ne5 Be6 13. e3 Rc8 14. Qe2 Qd6 15. Na4 Qb4 16. f3 Bxe5 17. fxe4 Bg7 18. e5 Bf7 19. Bc3 Qa3 20. Qb5 Nb4 21. Bxb4 Qxb4 22. Qxb4 axb4 23. Nb6 Rcd8 24. Rc7 e6 25. Rfc1 Be8 26. Rxb7 Rf7 27. Rxf7 Bxf7 28. Bf1 g5 29. Bb5 f4 30. exf4 gxf4 31. Rc8 Rxc8 32. Nxc8 Kf8 33. g4 Bg6 34. Na7 Kf7 35. Nc6 Bf8 36. Kf2 Bb1 37. Kf3 Bxa2 38. Ba4 Bb1 39. Kxf4 Bc2 40. h4 h6 41. Nd8+ Ke7 42. Nb7 Bd1 43. Nd6 Kd8 44. g5 hxg5+ 45. hxg5 Bc2 46. Nb7+ Ke7 47. Nc5 Kf7 48. Bd7 Bxc5 49. dxc5 Bxb3 50. g6+ Kg7 51. Bxe6 Ba4 52. Bxd5 b3 53. Kg5 b2 54. Be4 Bc6 55. Bb1 Bd7 56. Kh5 Be8 57. Kg5 Bd7 58. Kh4 Be8 59. Kh5 Bc6 60. e6 Kf6 61. Kh6 Bd5 62. g7 Bxe6 63. c6 Ke7 64. Kg6 Bd5 65. Bf5 Kd6 66. Kh7 Kxc6 67. g8B Bxg8+ 68. Kxg8 1/2-1/2

[Event "Krakow op-A 32nd"]
[Site "Krakow"]
[Date "2021.12.31"]
[Round "5"]
[White "Kokoszczynski, Jan"]
[Black "Raczynski, Krzysztof"]
[Result "1/2-1/2"]
[WhiteElo "2273"]
[BlackElo "2194"]
[PlyCount "84"]
[EventDate "2021.12.27"]
[EventType "swiss"]
[EventRounds "9"]
[EventCountry "POL"]
[SourceTitle "EXT 2023"]
[Source "ChessBase"]
[SourceDate "2022.10.05"]
[SourceVersion "1"]
[SourceVersionDate "2022.10.05"]
[SourceQuality "1"]

1. e4 d6 2. d4 Nf6 3. f3 e5 4. dxe5 dxe5 5. Qxd8+ Kxd8 6. Bc4 Be6 7. Bxe6 fxe6 8. Be3 Nbd7 9. Nd2 Bd6 10. Nh3 Ke7 11. Nf2 h6 12. Ke2 g5 13. g4 Bc5 14. h4 Bxe3 15. Kxe3 Rag8 16. hxg5 hxg5 17. Nd3 Ne8 18. a4 Rh4 19. Rxh4 gxh4 20. Rh1 Rh8 21. Nc4 Kf6 22. Ncxe5 Nxe5 23. g5+ Kxg5 24. Nxe5 Kf6 25. f4 Nd6 26. b3 Nf7 27. Nf3 h3 28. Ng1 Rg8 29. Kf3 e5 30. Nxh3 Rd8 31. Ke3 Rg8 32. Rg1 Rh8 33. Rg3 exf4+ 34. Nxf4 c6 35. Rh3 Re8 36. Nd3 Rxe4+ 37. Kxe4 Ng5+ 38. Kd4 Nxh3 39. a5 Ng5 40. Nc5 Ne6+ 41. Kc4 Nd8 42. b4 Ke5 1/2-1/2

[Event "Dziedzica Memrial 11th"]
[Site "Trzcianka"]
[Date "2021.10.24"]
[Round "5"]
[White "Brodowski, Piotr"]
[Black "Raczynski, Krzysztof"]
[Result "1-0"]
[WhiteElo "2443"]
[BlackElo "2194"]
[PlyCount "151"]
[EventDate "2021.10.24"]
[EventType "swiss (rapid)"]
[EventRounds "9"]
[EventCountry "POL"]
[SourceTitle "CBM 204 Extra"]
[Source "ChessBase"]
[SourceDate "2021.11.30"]
[SourceVersion "1"]
[SourceVersionDate "2021.11.30"]
[SourceQuality "1"]

1. c4 f5 2. Nc3 Nf6 3. Nf3 g6 4. d3 Bg7 5. e4 d6 6. exf5 Bxf5 7. d4 0-0 8. Bd3 e6 9. 0-0 Nc6 10. Bxf5 exf5 11. d5 Ne5 12. Nd4 Qd7 13. Ne6 Rfe8 14. b3 c6 15. Bb2 Bh8 16. f4 Neg4 17. Re1 cxd5 18. cxd5 b5 19. h3 Nh6 20. Rc1 Nf7 21. Qd3 a6 22. Re2 Rac8 23. Rce1 b4 24. Na4 Qb5 25. Qxb5 axb5 26. Nb6 Rb8 27. Bxf6 Bxf6 28. Nd7 Bc3 29. Nxb8 Bxe1 30. Nc6 Bc3 31. Kf2 Nh6 32. Nc7 Rf8 33. Nxb5 g5 34. g3 gxf4 35. gxf4 Kg7 36. Nxc3 bxc3 37. Rc2 Ng8 38. Rxc3 Nf6 39. Rd3 Ne4+ 40. Ke3 Nc5 41. Rd1 Re8+ 42. Kf3 Ra8 43. Rd2 Kf6 44. Nd4 Ne4 45. Rc2 Rg8 46. Ne2 Rb8 47. Ke3 Nc5 48. Nc3 Rb4 49. Ne2 Re4+ 50. Kf3 Nd3 51. Rd2 Nc5 52. Rd4 Re7 53. b4 Ne4 54. a4 Ra7 55. b5 Nc5 56. Nc3 Rg7 57. Rd1 h5 58. a5 h4 59. Ne2 Rb7 60. Rb1 Ne4 61. Rb2 Nc5 62. b6 Rb8 63. Nd4 Rg8 64. Rg2 Ra8 65. Nc6 Re8 66. Re2 Rg8 67. Rg2 Re8 68. Rb2 Rg8 69. b7 Rg3+ 70. Kf2 Ne4+ 71. Kf1 Rf3+ 72. Ke1 Rxh3 73. b8Q Rh1+ 74. Ke2 Rh2+ 75. Kd3 Rh3+ 76. Kd4 1-0

[Event "POL-chT 1st League"]
[Site "Szklarska Poreba"]
[Date "2021.09.11"]
[Round "8.10"]
[White "Raczynski, Krzysztof"]
[Black "Janaszak, Dawid"]
[Result "1-0"]
[WhiteElo "2193"]
[BlackElo "2348"]
[PlyCount "97"]
[EventDate "2021.09.04"]
[EventType "team-swiss"]
[EventRounds "9"]
[EventCountry "POL"]
[SourceTitle "CBM 204 Extra"]
[Source "ChessBase"]
[SourceDate "2021.11.30"]
[SourceVersion "1"]
[SourceVersionDate "2021.11.30"]
[SourceQuality "1"]
[WhiteTeam "Chrobry Gniezno"]
[BlackTeam "Ostrow Wielkopolski"]
[WhiteTeamCountry "POL"]
[BlackTeamCountry "POL"]

1. e4 c5 2. Nf3 Nc6 3. d4 cxd4 4. Nxd4 g6 5. c4 Nf6 6. Nc3 d6 7. Be2 Nxd4 8. Qxd4 Bg7 9. Be3 0-0 10. Qd2 a5 11. 0-0 a4 12. f3 Qa5 13. Rac1 Be6 14. Rfd1 Rfc8 15. Nb5 Nd7 16. Rc2 Ne5 17. b4 axb3 18. axb3 Nc6 19. Qxa5 Rxa5 20. Kf2 Ne5 21. Rcd2 h5 22. h3 Nd7 23. g4 hxg4 24. hxg4 Rca8 25. Nc7 Rf8 26. Rc2 Ne5 27. g5 Ra3 28. Rb1 Bd7 29. Nd5 Nc6 30. c5 dxc5 31. Bxc5 Bd4+ 32. Bxd4 Nxd4 33. Nxe7+ Kg7 34. Rd2 Nxe2 35. Kxe2 Be6 36. Nd5 Rh8 37. Ke3 Ra5 38. Rc1 Ra3 39. Rc3 Rh1 40. Nf4 Bh3 41. Nxh3 Rxh3 42. Rd7 b6 43. Rb7 Ra5 44. Rcc7 Rb5 45. Rxf7+ Kg8 46. Rg7+ Kf8 47. Rgc7 Rxb3+ 48. Kd4 Rb4+ 49. Ke5 1-0

[Event "POL-chT 1st League"]
[Site "Szklarska Poreba"]
[Date "2021.09.10"]
[Round "7.13"]
[White "Selbes, Tarik"]
[Black "Raczynski, Krzysztof"]
[Result "1/2-1/2"]
[WhiteElo "2260"]
[BlackElo "2193"]
[PlyCount "104"]
[EventDate "2021.09.04"]
[EventType "team-swiss"]
[EventRounds "9"]
[EventCountry "POL"]
[SourceTitle "CBM 204 Extra"]
[Source "ChessBase"]
[SourceDate "2021.11.30"]
[SourceVersion "1"]
[SourceVersionDate "2021.11.30"]
[SourceQuality "1"]
[WhiteTeam "Lipno Steszew"]
[BlackTeam "Chrobry Gniezno"]
[WhiteTeamCountry "POL"]
[BlackTeamCountry "POL"]

1. b3 Nf6 2. Bb2 g6 3. g3 Bg7 4. Bg2 0-0 5. Nf3 d6 6. d4 Nbd7 7. 0-0 e5 8. dxe5 Ng4 9. Qc1 Ngxe5 10. c4 Nc5 11. Nxe5 Bxe5 12. Bxe5 dxe5 13. Nc3 c6 14. Rd1 Qe7 15. Qa3 Re8 16. Na4 Ne6 17. Qxe7 Rxe7 18. Rd6 Rd7 19. Rad1 Rxd6 20. Rxd6 Kf8 21. b4 Ke7 22. Rd2 Bd7 23. e3 Rd8 24. f4 exf4 25. gxf4 Bc8 26. Rxd8 Nxd8 27. c5 Be6 28. Nc3 Bc4 29. a3 f5 30. Kf2 Ne6 31. Kg3 Kf6 32. h4 h6 33. e4 Nd4 34. e5+ Kf7 35. a4 a5 36. b5 Nb3 37. bxc6 bxc6 38. Bxc6 Nxc5 39. Kf2 g5 40. hxg5 hxg5 41. Ke3 Ne6 42. fxg5 Kg6 43. Nb5 Kxg5 44. Nd6 Bb3 45. Nb7 f4+ 46. Kf2 Kf5 47. Nxa5 Ba2 48. Nb7 Kxe5 49. a5 Bc4 50. Bd7 Nc7 51. Bg4 Kd4 52. Nd6 Ba6 1/2-1/2

[Event "Poznan op 28th"]
[Site "Poznan"]
[Date "2021.08.21"]
[Round "8"]
[White "Szafranski, Maciej"]
[Black "Raczynski, Krzysztof"]
[Result "0-1"]
[WhiteElo "1526"]
[BlackElo "2212"]
[PlyCount "54"]
[EventDate "2021.08.15"]
[EventType "swiss"]
[EventRounds "9"]
[EventCountry "POL"]
[SourceTitle "CBM 203 Extra"]
[Source "ChessBase"]
[SourceDate "2021.09.30"]
[SourceVersion "1"]
[SourceVersionDate "2021.09.30"]
[SourceQuality "1"]

1. c4 f5 2. d3 e5 3. Nf3 Nc6 4. g3 Nf6 5. Bg2 g6 6. 0-0 Bg7 7. Nc3 d6 8. Rb1 0-0 9. e3 h6 10. b4 g5 11. b5 Ne7 12. a4 Be6 13. Nd2 Rb8 14. Qe2 Qd7 15. Re1 Rfe8 16. Nb3 b6 17. d4 e4 18. Ba3 Ng6 19. Na2 f4 20. exf4 gxf4 21. Bf1 f3 22. Qd1 Bh3 23. Re3 Nf4 24. Rb2 Bg2 25. Bxg2 Nxg2 26. Kh1 Nxe3 27. fxe3 Qh3 0-1

[Event "POL-chT Academic"]
[Site "Chorzow"]
[Date "2021.05.16"]
[Round "9.13"]
[White "Raczynski, Krzysztof"]
[Black "Cukrowski, Filip"]
[Result "0-1"]
[WhiteElo "2212"]
[BlackElo "2412"]
[PlyCount "92"]
[EventDate "2021.05.15"]
[EventType "team-swiss (rapid)"]
[EventRounds "9"]
[EventCountry "POL"]
[SourceTitle "CBM 202 Extra"]
[Source "ChessBase"]
[SourceDate "2021.07.31"]
[SourceVersion "1"]
[SourceVersionDate "2021.07.31"]
[SourceQuality "1"]
[WhiteTeam "Poznan Mickiewicz Univ"]
[BlackTeam "Wroclaw Politechnik"]
[WhiteTeamCountry "POL"]
[BlackTeamCountry "POL"]

1. e4 c5 2. Nf3 d6 3. g3 Nc6 4. Bg2 g6 5. 0-0 Bg7 6. c3 e5 7. d3 Nge7 8. a3 a5 9. a4 0-0 10. Na3 h6 11. Nb5 d5 12. exd5 Nxd5 13. Nd2 Na7 14. Nc4 Nxb5 15. axb5 Be6 16. Re1 Qc7 17. Qe2 Rfe8 18. Be3 b6 19. Rad1 Rad8 20. Bc1 Bf5 21. Be4 Bh3 22. Bg2 Bxg2 23. Kxg2 Qd7 24. h4 Qxb5 25. h5 Qc6 26. Qf3 g5 27. g4 Re6 28. Qe4 a4 29. Be3 b5 30. Nd2 a3 31. bxa3 Nxc3 32. Qxc6 Rxc6 33. Rc1 Rxd3 34. Rc2 Nd5 35. Nb1 Nxe3+ 36. Rxe3 Rxe3 37. fxe3 e4 38. Nd2 c4 39. Nxe4 Bf8 40. Rb2 c3 41. Rc2 Rc4 42. Nf6+ Kg7 43. Nd5 Bxa3 44. Kf3 b4 45. e4 Bb2 46. Ke3 b3 0-1

[Event "POL-ch Academic"]
[Site "Chorzow"]
[Date "2021.05.14"]
[Round "4.13"]
[White "Rzeszowski, Dominik"]
[Black "Raczynski, Krzysztof"]
[Result "0-1"]
[WhiteElo "1904"]
[BlackElo "2212"]
[PlyCount "68"]
[EventDate "2021.05.14"]
[EventType "swiss (rapid)"]
[EventRounds "9"]
[EventCountry "POL"]
[SourceTitle "CBM 202 Extra"]
[Source "ChessBase"]
[SourceDate "2021.07.31"]
[SourceVersion "1"]
[SourceVersionDate "2021.07.31"]
[SourceQuality "1"]

1. e4 d6 2. Nc3 Nf6 3. f4 g6 4. Nf3 Bg7 5. d3 0-0 6. g3 c5 7. Bg2 Nc6 8. 0-0 e5 9. fxe5 dxe5 10. Be3 b6 11. Qd2 Ng4 12. Nd5 Nxe3 13. Qxe3 Nd4 14. Nxd4 cxd4 15. Qe1 Be6 16. Qb4 Re8 17. c4 dxc3 18. bxc3 Rc8 19. c4 Qg5 20. Kh1 h5 21. Rf3 h4 22. gxh4 Qxh4 23. Raf1 Bxd5 24. cxd5 Bh6 25. Rh3 Qg5 26. Qa4 Re7 27. Rg3 Qh5 28. d6 Rb7 29. d7 Rd8 30. Qc6 Rbxd7 31. Bf3 Qh4 32. Bg4 Bf4 33. Kg2 Rxd3 34. Rxd3 Qxh2+ 0-1

[Event "POL-chT 2nd League"]
[Site "Poronin"]
[Date "2020.09.08"]
[Round "4.9"]
[White "Kasperek, Ryszard"]
[Black "Raczynski, Krzysztof"]
[Result "1-0"]
[WhiteElo "2179"]
[BlackElo "2245"]
[PlyCount "63"]
[EventDate "2020.09.05"]
[EventType "team-swiss"]
[EventRounds "9"]
[EventCountry "POL"]
[SourceTitle "CBM 198 Extra"]
[Source "ChessBase"]
[SourceDate "2020.11.30"]
[SourceVersion "1"]
[SourceVersionDate "2020.11.30"]
[SourceQuality "1"]
[WhiteTeam "Debica Gryf"]
[BlackTeam "Chrobry Gniezno"]
[WhiteTeamCountry "POL"]
[BlackTeamCountry "POL"]

1. e4 d6 2. d4 Nf6 3. Nc3 g6 4. f4 Bg7 5. Nf3 0-0 6. Be3 b6 7. e5 Ng4 8. Bg1 Bb7 9. Ng5 Nh6 10. h4 c5 11. h5 cxd4 12. hxg6 hxg6 13. Bxd4 dxe5 14. Bxe5 Nc6 15. Bxg7 Qxd1+ 16. Rxd1 Kxg7 17. Rd7 Bc8 18. Rc7 Nd4 19. Rxe7 Bf5 20. Rxh6 Kxh6 21. Nxf7+ Rxf7 22. Rxf7 Nxc2+ 23. Kf2 Nb4 24. Kf3 Bd3 25. Bxd3 Nxd3 26. Ne4 g5 27. Nxg5 Nxb2 28. Kg4 Nc4 29. Rh7+ Kg6 30. f5+ Kf6 31. Kf4 Nd6 32. Rd7 1-0

[Event "POL-chT 2nd League"]
[Site "Poronin"]
[Date "2020.09.05"]
[Round "1.5"]
[White "Raczynski, Krzysztof"]
[Black "Szustakowski, Antoni"]
[Result "1/2-1/2"]
[WhiteElo "2245"]
[BlackElo "2242"]
[PlyCount "34"]
[EventDate "2020.09.05"]
[EventType "team-swiss"]
[EventRounds "9"]
[EventCountry "POL"]
[SourceTitle "CBM 198 Extra"]
[Source "ChessBase"]
[SourceDate "2020.11.30"]
[SourceVersion "1"]
[SourceVersionDate "2020.11.30"]
[SourceQuality "1"]
[WhiteTeam "Chrobry Gniezno"]
[BlackTeam "Krakow Dwie Wieze"]
[WhiteTeamCountry "POL"]
[BlackTeamCountry "POL"]

1. d4 e6 2. Bf4 Nf6 3. e3 c5 4. c3 Nc6 5. Nf3 d5 6. Nbd2 Bd6 7. Bg3 0-0 8. Bd3 Qe7 9. Ne5 Nd7 10. Nxd7 Qxd7 11. Bxd6 Qxd6 12. dxc5 Qxc5 13. Bxh7+ Kxh7 14. Qh5+ Kg8 15. Ne4 g6 16. Qg5 Qe7 17. Nf6+ Kg7 1/2-1/2

[Event "POL-chT 2nd League"]
[Site "Jastrzebia Gora"]
[Date "2019.09.10"]
[Round "4.4"]
[White "Raczynski, Krzysztof"]
[Black "Polok, Kacper"]
[Result "0-1"]
[WhiteElo "2244"]
[BlackElo "2307"]
[PlyCount "176"]
[EventDate "2019.09.07"]
[EventType "team-swiss"]
[EventRounds "9"]
[EventCountry "POL"]
[SourceTitle "EXT 2020"]
[Source "ChessBase"]
[SourceDate "2019.10.17"]
[SourceVersion "1"]
[SourceVersionDate "2019.10.17"]
[SourceQuality "1"]
[WhiteTeam "Chrobry Gniezno"]
[BlackTeam "Raciborz Silesia"]
[WhiteTeamCountry "POL"]
[BlackTeamCountry "POL"]

1. e4 e6 2. d4 d5 3. Nd2 Nf6 4. e5 Nfd7 5. Bd3 c5 6. c3 Nc6 7. Ne2 cxd4 8. cxd4 f6 9. exf6 Nxf6 10. Nf3 Bd6 11. 0-0 0-0 12. Bf4 Bxf4 13. Nxf4 Ng4 14. Qc1 Qd6 15. g3 e5 16. dxe5 Ngxe5 17. Nxe5 Nxe5 18. Be2 Bf5 19. Qe3 d4 20. Qb3+ Kh8 21. Rfd1 Rad8 22. Qxb7 d3 23. Rac1 Rf7 24. Qg2 Rfd7 25. Bf3 Qb4 26. Bc6 Rd6 27. Nd5 Qe4 28. Ne3 Rxc6 29. Nxf5 Qxg2+ 30. Kxg2 Rxc1 31. Rxc1 d2 32. Rd1 Nc4 33. Ne3 Nxb2 34. Rb1 d1Q 35. Nxd1 Nxd1 36. Rb7 Ra8 37. Rb3 Kg8 38. f4 Rc8 39. Kh3 h6 40. Rb7 a5 41. Rb5 a4 42. Ra5 Rc4 43. Kg4 Nc3 44. Kf5 Nxa2 45. g4 Nc3 46. g5 hxg5 47. fxg5 Kh7 48. Ra8 Rc5+ 49. Kg4 Kg6 50. Ra6+ Kf7 51. Ra7+ Ke6 52. h4 g6 53. Ra6+ Ke5 54. Rxg6 Rc4+ 55. Kh5 Ne4 56. Ra6 Ng3+ 57. Kg6 Rxh4 58. Ra5+ Kd6 59. Kf7 Rf4+ 60. Kg8 Kc6 61. g6 Kb6 62. Ra8 Nh5 63. Kh7 Kb5 64. Kh6 Rf5 65. Rb8+ Kc4 66. Ra8 Kb3 67. Rb8+ Ka2 68. Rb4 a3 69. Rh4 Nf6 70. Rb4 Ka1 71. g7 Ng8+ 72. Kg6 Ne7+ 73. Kh6 Rf6+ 74. Kh7 Rf2 75. Kh6 Nf5+ 76. Kh7 Nxg7 77. Kxg7 a2 78. Rb5 Rb2 79. Rf5 Kb1 80. Rf1+ Kc2 81. Rf2+ Kb3 82. Rf3+ Kb4 83. Rf4+ Ka3 84. Rf3+ Rb3 85. Rf1 Rb1 86. Rf3+ Kb4 87. Rf4+ Kc5 88. Rf5+ Kd4 0-1

[Event "POL-chT 2nd League"]
[Site "Jastrzebia Gora"]
[Date "2019.09.07"]
[Round "1.10"]
[White "Lukasiewicz, Krzysztof"]
[Black "Raczynski, Krzysztof"]
[Result "1-0"]
[WhiteElo "2254"]
[BlackElo "2244"]
[PlyCount "83"]
[EventDate "2019.09.07"]
[EventType "team-swiss"]
[EventRounds "9"]
[EventCountry "POL"]
[SourceTitle "EXT 2020"]
[Source "ChessBase"]
[SourceDate "2019.10.17"]
[SourceVersion "1"]
[SourceVersionDate "2019.10.17"]
[SourceQuality "1"]
[WhiteTeam "Bogatynia UKS SP3"]
[BlackTeam "Chrobry Gniezno"]
[WhiteTeamCountry "POL"]
[BlackTeamCountry "POL"]

1. d4 d6 2. e4 Nf6 3. Nc3 e5 4. Nf3 Nbd7 5. Bc4 Be7 6. 0-0 0-0 7. Re1 a6 8. a4 b6 9. b3 Bb7 10. Bb2 c6 11. Bd3 Re8 12. Ne2 Bf8 13. Ng3 g6 14. Qd2 Bg7 15. Rad1 Qc7 16. h4 h5 17. Ng5 exd4 18. Bxd4 Ne5 19. Bf1 c5 20. Bb2 Rad8 21. f4 Neg4 22. c4 Bc6 23. Be2 Rd7 24. Bc3 Bh6 25. Bf3 b5 26. axb5 axb5 27. cxb5 Bxb5 28. Qb2 Nh7 29. e5 dxe5 30. Bxg4 hxg4 31. Nxh7 Kxh7 32. Bxe5 Rxd1 33. Rxd1 Qb7 34. h5 Bd7 35. hxg6+ fxg6 36. Nh5 Rf8 37. Nf6+ Rxf6 38. Bxf6 Bxf4 39. Qf2 g5 40. Bxg5 Bxg5 41. Qf7+ Kh6 42. Rd6+ 1-0

[Event "POL-ch U18"]
[Site "Szklarska Poreba"]
[Date "2019.03.12"]
[Round "5"]
[White "Raczynski, Krzysztof"]
[Black "Woloch, Oskar"]
[Result "1-0"]
[WhiteElo "2157"]
[BlackElo "2032"]
[PlyCount "57"]
[EventDate "2019.03.09"]
[EventType "swiss"]
[EventRounds "9"]
[EventCountry "POL"]
[SourceTitle "CBM 189 Extra"]
[Source "ChessBase"]
[SourceDate "2019.06.03"]
[SourceVersion "1"]
[SourceVersionDate "2019.06.03"]
[SourceQuality "1"]

1. e4 d6 2. d4 Nf6 3. Nc3 e5 4. Nf3 Nbd7 5. Bc4 Be7 6. 0-0 0-0 7. Re1 a6 8. a4 b6 9. Bg5 c6 10. d5 c5 11. Qd2 Ne8 12. Be3 g6 13. Bh6 Ng7 14. Ra3 Kh8 15. Rb3 Nf6 16. Bg5 Ng8 17. Bxe7 Nxe7 18. Ne2 Bd7 19. Ng5 Bxa4 20. Rh3 h5 21. f4 Bd7 22. f5 gxf5 23. Ne6 fxe6 24. Qh6+ Kg8 25. Rg3 Rf7 26. dxe6 Bxe6 27. Bxe6 Qf8 28. Rf1 f4 29. Nxf4 1-0